Biggest Cities in Canada - Statistics

General Stats
  • This quiz has been taken 23 times
  • The average score is 8 of 10
Answer Stats
Population City % Correct
1,010,899 Edmonton
100%
1,762,949 Montreal
100%
2,794,356 Toronto
100%
1,306,784 Calgary
96%
662,248 Vancouver
96%
749,607 Winnipeg
87%
569,353 Hamilton
65%
1,017,449 Ottawa
57%
717,961 Mississauga
48%
656,480 Brampton
39%
No matching quizzes found
Score Distribution
Percent of People with Each Score
Percentile by Number Answered
Your Score History
You have not taken this quiz